000
00293nam a2200121Ia 4500
008
190216s9999||||xx |||||||||||||| ||und||
100
_a
"Lawrence E.Kinsler Etc.,"
245
0
_a
Fundamentals Of Acoustics
260
_b
Wiley Students
_c
2010
300
_a
548
650
_a
Physics
942
_c
BK
999
_c
34489
_d
34489